Logical Elimination Click Quiz: Numbers - Statistics

General Stats
  • This quiz has been taken 72,534 times
  • The average score is 8 of 15
Answer Stats
Hint Explanation Answer % Correct
I am the solution of x - 2 = 9 11 11
93%
I am the atomic number of Hydrogen 1 1
79%
I am a divisor of 14 1, 2, 7, 14 7
71%
I am 4² - 3² - 2² - 1² 2 2
65%
I am a single letter in Roman Numerals 1, 5, 10 (I, V, X) 5
56%
Rotate me 180° to make a different number 6, 9 9
56%
I have a W in my written form 2, 12 12
55%
I start with a vowel 1, 8, 11 8
55%
My square also appears in this quiz 1, 2, 3 3
46%
I am a prime number 2, 3, 5, 7, 11, 13 13
45%
I am the number of sides in an tetradecagon 14 14
45%
I am a multiple of 6 6, 12 6
43%
I am a 3 letter word 1, 2, 6, 10 10
38%
I am an odd number 1, 3, 5, 7, 9, 11, 13, 15 15
38%
I am the remaining number 4 4
35%
No matching quizzes found
Score Distribution
Percent of People with Each Score
Percentile by Number Answered
Your Score History
You have not taken this quiz